[Event "Zalakaros Barczay Memorial"]
[Site "Zalakaros"]
[Date "2022.06.10"]
[Round "6"]
[White "Kiss, Mate Jozsef"]
[Black "Ianov, Viktor"]
[Result "1/2-1/2"]
[WhiteElo "2030"]
[BlackElo "2279"]
[PlyCount "51"]
[EventDate "2022.06.05"]
[EventType "swiss"]
[EventRounds "9"]
[EventCountry "HUN"]
[SourceTitle "CBM 208 Extra"]
[Source "ChessBase"]
[SourceDate "2022.07.31"]
[SourceVersion "1"]
[SourceVersionDate "2022.07.31"]
[SourceQuality "1"]

1. e4 d6 2. d4 Nf6 3. Nc3 c6 4. f4 Qb6 5. Nf3 Bg4 6. Be2 Bxf3 7. Bxf3 e5 8. Ne2 Nbd7 9. c3 Be7 10. 0-0 0-0 11. Kh1 c5 12. g4 Rfd8 13. g5 Ne8 14. b3 Nc7 15. fxe5 dxe5 16. d5 c4 17. Ng3 g6 18. Be2 cxb3 19. axb3 Nc5 20. Bc4 Qd6 21. b4 Nd7 22. Be3 Rf8 23. Qg4 a6 24. h4 Nb5 25. Bd2 Qc7 26. Be2 1/2-1/2

[Event "Zalakaros Barczay Memorial"]
[Site "Zalakaros"]
[Date "2022.06.09"]
[Round "5"]
[White "Bernath, Bence"]
[Black "Kiss, Mate Jozsef"]
[Result "1/2-1/2"]
[WhiteElo "2202"]
[BlackElo "2030"]
[PlyCount "74"]
[EventDate "2022.06.05"]
[EventType "swiss"]
[EventRounds "9"]
[EventCountry "HUN"]
[SourceTitle "CBM 208 Extra"]
[Source "ChessBase"]
[SourceDate "2022.07.31"]
[SourceVersion "1"]
[SourceVersionDate "2022.07.31"]
[SourceQuality "1"]

1. e4 c5 2. Nf3 e6 3. d4 cxd4 4. Nxd4 Nf6 5. Nc3 Nc6 6. Nxc6 bxc6 7. e5 Nd5 8. Ne4 Qc7 9. f4 Rb8 10. c4 Bb4+ 11. Ke2 0-0 12. a3 Be7 13. cxd5 cxd5 14. Nd6 Ba6+ 15. Kf2 Bxf1 16. Rxf1 Qc5+ 17. Kg3 f6 18. Kh3 fxe5 19. fxe5 Rxf1 20. Qxf1 Bxd6 21. exd6 Rf8 22. Qe2 Qg1 23. Qg4 g6 24. Bh6 Qxa1 25. Bxf8 Kxf8 26. Qg5 Qf1 27. Qd8+ Kg7 28. Qxd7+ Kf6 29. Qe7+ Ke5 30. d7 Qf5+ 31. Kh4 Qf4+ 32. Kh3 Qf5+ 33. g4 Qf3+ 34. Kh4 Qf2+ 35. Kh3 Qf3+ 36. Kh4 Qf2+ 37. Kh3 Qf3+ 1/2-1/2

[Event "HUN-chT2 Barcza 1415"]
[Site "Hungary"]
[Date "2015.04.26"]
[Round "?"]
[White "Kiss, Mate Jozsef"]
[Black "Duzs, Jozsef"]
[Result "1-0"]
[WhiteElo "1988"]
[BlackElo "2010"]
[PlyCount "151"]
[EventDate "2014.09.07"]
[EventType "team-tourn"]
[EventRounds "11"]
[EventCountry "HUN"]
[SourceTitle "EXT 2016"]
[Source "ChessBase"]
[SourceDate "2015.10.08"]
[SourceVersion "1"]
[SourceVersionDate "2015.10.08"]
[SourceQuality "1"]
[WhiteTeam "Piremon"]
[BlackTeam "Edeleny"]
[WhiteTeamCountry "HUN"]
[BlackTeamCountry "HUN"]

1. e4 e6 2. d4 d5 3. Nd2 c5 4. exd5 Qxd5 5. dxc5 Bxc5 6. Ngf3 Nf6 7. Bc4 Qd8 8. 0-0 0-0 9. Qe2 a6 10. a4 Nc6 11. Nb3 Be7 12. Bf4 Qb6 13. a5 Qd8 14. Rfd1 Bd7 15. Ne5 Nxe5 16. Bxe5 Qc8 17. Rd4 Rd8 18. Rh4 Ne8 19. Rh3 Bf6 20. Bd3 g6 21. Bxf6 Nxf6 22. Qe5 Ne8 23. Qg5 Bb5 24. c4 Bc6 25. Qh4 Kf8 26. Qxh7 Nf6 27. Qh4 Ng8 28. Qf4 Qd7 29. Re1 Qd6 30. Qg5 Qe7 31. Qe3 Qf6 32. Nc5 Qd4 33. Qxd4 Rxd4 34. b3 Rad8 35. Bxg6 Rd1 36. Rhe3 Rxe1+ 37. Rxe1 fxg6 38. Nxe6+ Ke7 39. Nxd8+ Kxd8 40. Re6 Ne7 41. f4 Ke8 42. Rf6 Be4 43. Kf2 Kd7 44. g3 Bc2 45. b4 Nc6 46. Rf7+ Kc8 47. b5 axb5 48. cxb5 Nxa5 49. g4 Kd8 50. h4 Ke8 51. Rc7 Bd3 52. b6 Be4 53. Rc5 Nc6 54. Ke3 Bg2 55. h5 gxh5 56. Rxh5 Ne7 57. Rh8+ Kf7 58. Rh7+ Kf8 59. f5 Bc6 60. Kd4 Nd5 61. Kc5 Ne3 62. Rh4 Kg7 63. Rh3 Nd5 64. g5 Nf4 65. Rh6 Bf3 66. Kd6 Kf7 67. Rh7+ Kg8 68. g6 Kf8 69. Rf7+ Kg8 70. f6 Bh5 71. Rg7+ Kf8 72. Rf7+ Kg8 73. Rg7+ Kf8 74. Rxb7 Nxg6 75. Rg7 Ne7 76. Rxe7 1-0

[Event "HUN-chT2 Barcza 1213"]
[Site "Hungary"]
[Date "2013.02.17"]
[Round "7.5"]
[White "Nagy, Kalman"]
[Black "Kiss, Mate Jozsef"]
[Result "1/2-1/2"]
[WhiteElo "2050"]
[BlackElo "2035"]
[PlyCount "58"]
[EventDate "2012.09.16"]
[EventType "team-tourn"]
[EventRounds "11"]
[EventCountry "HUN"]
[SourceTitle "EXT 2014"]
[Source "ChessBase"]
[SourceDate "2013.11.20"]
[SourceVersion "1"]
[SourceVersionDate "2013.11.20"]
[SourceQuality "1"]
[WhiteTeam "Sajoszentpeter"]
[BlackTeam "Piremon"]
[WhiteTeamCountry "HUN"]
[BlackTeamCountry "HUN"]

1. e4 c5 2. Nc3 e6 3. g3 d5 4. exd5 exd5 5. d4 Be6 6. Bg2 cxd4 7. Qxd4 Nc6 8. Qa4 Bb4 9. Bd2 a6 10. Nge2 Nge7 11. Nb1 b5 12. Qb3 Bc5 13. c3 d4 14. Qd1 Bg4 15. h3 Bxe2 16. Qxe2 0-0 17. 0-0 Rc8 18. Be4 f5 19. Bg2 Kh8 20. a4 Qb6 21. axb5 axb5 22. cxd4 Nxd4 23. Qd3 Ng6 24. b4 Be7 25. Be3 Rcd8 26. Nc3 Ne5 27. Bxd4 Qxd4 28. Qxd4 Rxd4 29. Nxb5 Rxb4 1/2-1/2

[Event "HUN-chT2 Barcza 1011"]
[Site "Hungary"]
[Date "2010.11.21"]
[Round "6.6"]
[White "Nadasi, Lajos"]
[Black "Kiss, Mate Jozsef"]
[Result "1/2-1/2"]
[WhiteElo "2039"]
[BlackElo "1988"]
[PlyCount "96"]
[EventDate "2010.09.12"]
[EventType "team-tourn"]
[EventRounds "11"]
[EventCountry "HUN"]
[SourceTitle "EXT 2012"]
[Source "ChessBase"]
[SourceDate "2011.11.24"]
[SourceVersion "1"]
[SourceVersionDate "2011.11.24"]
[SourceQuality "1"]
[WhiteTeam "Debrecen Betu"]
[BlackTeam "Piremon"]
[WhiteTeamCountry "HUN"]
[BlackTeamCountry "HUN"]

1. c4 e5 2. Nc3 f5 3. e3 d6 4. g3 Nf6 5. Bg2 c6 6. Nge2 Be6 7. d3 a5 8. 0-0 Be7 9. f4 0-0 10. b3 Bd7 11. Na4 Na6 12. Bb2 Ng4 13. Qd2 Bf6 14. h3 Nh6 15. d4 e4 16. Ba3 Be7 17. c5 dxc5 18. dxc5 b5 19. Nb6 Be8 20. Qe1 Rb8 21. Rd1 Qc7 22. Nd4 Bxc5 23. Ne6 Qxb6 24. Bxc5 Nxc5 25. Nxf8 Kxf8 26. g4 Nd3 27. Qg3 Bg6 28. Rd2 c5 29. Rb1 Qa7 30. Rc2 Rd8 31. Bf1 Qc7 32. Be2 Bf7 33. g5 Ng8 34. Qh4 Bg6 35. Qg3 Rd5 36. h4 Qf7 37. Qh3 Bh5 38. Bf1 Ne7 39. a4 bxa4 40. bxa4 Nc6 41. Rb5 Bd1 42. Bxd3 exd3 43. Rcxc5 Rxc5 44. Rxc5 Bg4 45. Qg2 Ne7 46. Qa8+ Qe8 47. Qxa5 Nd5 48. e4 Ne3 1/2-1/2

[Event "HUN-chT2 Barcza 1011"]
[Site "Hungary"]
[Date "2010.10.24"]
[Round "4.7"]
[White "Kiss, Mate Jozsef"]
[Black "Nyiri, Daniel"]
[Result "1/2-1/2"]
[WhiteElo "1988"]
[BlackElo "2055"]
[PlyCount "62"]
[EventDate "2010.09.12"]
[EventType "team-tourn"]
[EventRounds "11"]
[EventCountry "HUN"]
[SourceTitle "EXT 2012"]
[Source "ChessBase"]
[SourceDate "2011.11.24"]
[SourceVersion "1"]
[SourceVersionDate "2011.11.24"]
[SourceQuality "1"]
[WhiteTeam "Piremon"]
[BlackTeam "Mezokovesd"]
[WhiteTeamCountry "HUN"]
[BlackTeamCountry "HUN"]

1. e4 c5 2. c3 d6 3. d4 cxd4 4. cxd4 Nf6 5. Nc3 e6 6. Nf3 Be7 7. Bd3 Nc6 8. 0-0 0-0 9. Qe2 a6 10. a4 e5 11. d5 Nb4 12. Ne1 Nd7 13. f4 exf4 14. Bxf4 Ne5 15. Bxe5 dxe5 16. Bc4 Bd6 17. Nd3 Nxd3 18. Bxd3 Qg5 19. Qc2 Bg4 20. Rae1 Rac8 21. Kh1 Rc7 22. h3 Bd7 23. Rf3 Rfc8 24. Ref1 Qh4 25. Qf2 Qxf2 26. R3xf2 f6 27. Ra1 Bc5 28. Rc2 Bd4 29. Ra3 Kf8 30. Kh2 g6 31. g4 Ke7 1/2-1/2

[Event "HUN-chT2 Barcza 0910"]
[Site "Hungary"]
[Date "2010.03.21"]
[Round "8.5"]
[White "Kiss, Mate Jozsef"]
[Black "Hunko, Gyorgy"]
[Result "0-1"]
[WhiteElo "1984"]
[BlackElo "2018"]
[PlyCount "66"]
[EventDate "2009.11.08"]
[EventType "team-tourn"]
[EventRounds "11"]
[EventCountry "HUN"]
[SourceTitle "EXT 2011"]
[Source "ChessBase"]
[SourceDate "2010.11.26"]
[SourceVersion "1"]
[SourceVersionDate "2010.11.26"]
[SourceQuality "1"]
[WhiteTeam "Piremon"]
[BlackTeam "Mezokovesd"]
[WhiteTeamCountry "HUN"]
[BlackTeamCountry "HUN"]

1. e4 e5 2. Nf3 Nc6 3. Bb5 a6 4. Bxc6 dxc6 5. d4 exd4 6. Qxd4 Bg4 7. Nbd2 Nf6 8. 0-0 Qxd4 9. Nxd4 0-0-0 10. c3 c5 11. N4b3 c4 12. Na5 b5 13. Nc6 Rd6 14. Ne5 Bh5 15. h3 Nd7 16. Nxd7 Kxd7 17. g4 Bg6 18. f4 f6 19. f5 Bf7 20. Nf3 Rd3 21. Bf4 Bc5+ 22. Kg2 Kc8 23. e5 Bd5 24. e6 g6 25. fxg6 hxg6 26. Rae1 Re8 27. Bg3 Rd2+ 28. Bf2 Rxb2 29. Kg3 Bd6+ 30. Kg2 Rxa2 31. Ra1 Rxa1 32. Rxa1 Kb7 33. Bd4 Rxe6 0-1

[Event "HUN-chT2 Barcza 0809"]
[Site "Hungary"]
[Date "2009.03.08"]
[Round "9.8"]
[White "Kiss, Mate Jozsef"]
[Black "Banszky, Miklos"]
[Result "1/2-1/2"]
[WhiteElo "1918"]
[BlackElo "2020"]
[PlyCount "80"]
[EventDate "2008.10.26"]
[EventType "team-tourn"]
[EventRounds "11"]
[EventCountry "HUN"]
[SourceTitle "EXT 2010"]
[Source "ChessBase"]
[SourceDate "2010.11.25"]
[SourceVersion "1"]
[SourceVersionDate "2010.11.25"]
[SourceQuality "1"]
[WhiteTeam "Piremon"]
[BlackTeam "SSASSE"]
[WhiteTeamCountry "HUN"]
[BlackTeamCountry "HUN"]

1. e4 c5 2. Nf3 d6 3. d4 cxd4 4. Nxd4 Nf6 5. Nc3 g6 6. Be2 Bg7 7. Be3 0-0 8. Qd2 Nc6 9. 0-0-0 Bd7 10. h4 Ne5 11. h5 Neg4 12. hxg6 Nxe3 13. gxf7+ Rxf7 14. fxe3 Rc8 15. Rdg1 Qa5 16. g4 Rxc3 17. Qxc3 Qxa2 18. Bd3 Nxg4 19. Bc4 Qa4 20. Bxf7+ Kxf7 21. Qb3+ Qxb3 22. Nxb3 h6 23. Rg3 Kg6 24. Nd4 Be5 25. Rg2 h5 26. Nf5 Bf6 27. Kd2 d5 28. Ng3 h4 29. Nf5 Kh5 30. Rhg1 dxe4 31. Rxg4 Bxf5 32. Rf4 e6 33. Rh1 Bg5 34. Rf2 Bf6 35. Rf4 Bg5 36. Rff1 Bf6 37. c3 Be5 38. b4 Kg4 39. c4 h3 40. Rf2 Kg3 1/2-1/2

[Event "HUN-chT2 Barcza 0809"]
[Site "Hungary"]
[Date "2009.02.08"]
[Round "7.5"]
[White "Trembacz, Laszlo"]
[Black "Kiss, Mate Jozsef"]
[Result "1/2-1/2"]
[WhiteElo "2061"]
[BlackElo "1918"]
[PlyCount "38"]
[EventDate "2008.10.26"]
[EventType "team-tourn"]
[EventRounds "11"]
[EventCountry "HUN"]
[SourceTitle "EXT 2010"]
[Source "ChessBase"]
[SourceDate "2010.11.25"]
[SourceVersion "1"]
[SourceVersionDate "2010.11.25"]
[SourceQuality "1"]
[WhiteTeam "Tiszavasvar"]
[BlackTeam "Piremon"]
[WhiteTeamCountry "HUN"]
[BlackTeamCountry "HUN"]

1. e4 c5 2. Nc3 e6 3. g3 d5 4. exd5 exd5 5. d4 Be6 6. Bg2 cxd4 7. Qxd4 Nc6 8. Qa4 Bc5 9. Nge2 Nf6 10. 0-0 Qb6 11. Qf4 Qa6 12. Be3 Be7 13. Rad1 0-0-0 14. Nd4 Bd6 15. Qh4 Ne5 16. Nxe6 fxe6 17. Bd4 h6 18. Bxe5 Bxe5 19. Rd3 Kb8 1/2-1/2

[Event "HUN-chT2 Barcza 0809"]
[Site "Hungary"]
[Date "2009.01.11"]
[Round "5.8"]
[White "Kiss, Mate Jozsef"]
[Black "Simai, Mate"]
[Result "0-1"]
[WhiteElo "1918"]
[BlackElo "2080"]
[PlyCount "90"]
[EventDate "2008.10.26"]
[EventType "team-tourn"]
[EventRounds "11"]
[EventCountry "HUN"]
[SourceTitle "EXT 2010"]
[Source "ChessBase"]
[SourceDate "2010.11.25"]
[SourceVersion "1"]
[SourceVersionDate "2010.11.25"]
[SourceQuality "1"]
[WhiteTeam "Piremon"]
[BlackTeam "Nyiregyhaza"]
[WhiteTeamCountry "HUN"]
[BlackTeamCountry "HUN"]

1. e4 c5 2. c3 d5 3. exd5 Qxd5 4. d4 Nf6 5. Be3 cxd4 6. cxd4 e6 7. Nc3 Bb4 8. Nf3 0-0 9. Bd3 b6 10. 0-0 Bxc3 11. bxc3 Ba6 12. Re1 Rc8 13. Qe2 Bxd3 14. Qxd3 Nbd7 15. Red1 Ne4 16. Rac1 Rc4 17. Nd2 Nxd2 18. Rxd2 Rac8 19. f3 Nf6 20. Bf2 Qc6 21. Rdc2 Nd5 22. a3 Nxc3 23. Kh1 b5 24. Re1 Nd5 25. Rb2 Rc2 26. Rxc2 Qxc2 27. Qxc2 Rxc2 28. Bg3 Ra2 29. Bd6 Ne3 30. Rc1 Nc4 31. Bc5 a6 32. h4 Ne3 33. Bb4 h5 34. Rc6 Nxg2 35. Be7 Ne1 36. Rc3 Rf2 37. Kg1 Rxf3 38. Rc6 Rb3 39. Rxa6 Nf3+ 40. Kf2 Nxd4 41. a4 bxa4 42. Rxa4 Nf5 43. Bg5 Rd3 44. Ra8+ Kh7 45. Ra7 Kg6 0-1

[Event "HUN-chT2 Barcza 0809"]
[Site "Hungary"]
[Date "2008.11.02"]
[Round "2.6"]
[White "Kiss, Mate Jozsef"]
[Black "Halmi, Bence"]
[Result "0-1"]
[WhiteElo "1918"]
[BlackElo "1991"]
[PlyCount "48"]
[EventDate "2008.10.26"]
[EventType "team-tourn"]
[EventRounds "11"]
[EventCountry "HUN"]
[SourceTitle "EXT 2010"]
[Source "ChessBase"]
[SourceDate "2010.11.25"]
[SourceVersion "1"]
[SourceVersionDate "2010.11.25"]
[SourceQuality "1"]
[WhiteTeam "Piremon"]
[BlackTeam "Miskolc EMSE II"]
[WhiteTeamCountry "HUN"]
[BlackTeamCountry "HUN"]

1. e4 e6 2. d4 d5 3. Nd2 dxe4 4. Nxe4 Nd7 5. Nf3 Ngf6 6. Bg5 Be7 7. Bd3 c5 8. Nxf6+ Nxf6 9. c3 cxd4 10. Nxd4 0-0 11. 0-0 h6 12. Bh4 Nd5 13. Bxe7 Qxe7 14. Qb3 b6 15. Rae1 Bb7 16. f4 Rae8 17. f5 Qg5 18. Be4 Ba6 19. Rf2 Nf4 20. fxe6 Nh3+ 21. Kh1 Nxf2+ 22. Kg1 Nxe4 23. exf7+ Rxf7 24. Ne6 Qe3+ 0-1

[Event "HUN-chT2 Barcza 0708"]
[Site "Hungary"]
[Date "2008.05.18"]
[Round "11"]
[White "Petro, Janos"]
[Black "Kiss, Mate Jozsef"]
[Result "1-0"]
[WhiteElo "2068"]
[BlackElo "1943"]
[PlyCount "75"]
[EventDate "2007.10.14"]
[EventType "team"]
[EventRounds "11"]
[EventCountry "HUN"]
[SourceTitle "EXT 2009"]
[Source "ChessBase"]
[SourceDate "2008.11.26"]
[SourceVersion "1"]
[SourceVersionDate "2008.11.26"]
[SourceQuality "1"]
[WhiteTeam "Edeleny"]
[BlackTeam "Piremon"]
[WhiteTeamCountry "HUN"]
[BlackTeamCountry "HUN"]

1. e4 c5 2. Nc3 e6 3. f4 d5 4. e5 Nc6 5. Nf3 Be7 6. Bb5 Qb6 7. Qe2 h5 8. 0-0 Nh6 9. Na4 Qa5 10. b4 Qxb4 11. d4 c4 12. Rb1 Qa5 13. Bd2 Qc7 14. Qe1 Kf8 15. f5 Nxf5 16. Bxc6 Qxc6 17. Nc3 g6 18. Bg5 Bxg5 19. Nxg5 Kg7 20. h3 a6 21. g4 hxg4 22. hxg4 Nh6 23. Qf2 Qe8 24. Qf6+ Kg8 25. Rf4 Bd7 26. Rxb7 Qd8 27. Nxf7 Qxf6 28. Nxh6+ Rxh6 29. Rxf6 Rd8 30. g5 Rh3 31. Ne2 Ra3 32. Rxg6+ Kf7 33. Rf6+ Kg8 34. g6 Rxa2 35. Rf7 Be8 36. Rg7+ Kh8 37. Nf4 Rxc2 38. Rh7+ 1-0